[Event "Sardegna Regional-ch"]
[White "Neri, Enzo"]
[Black "Carrus, Mario"]
[Site "Cagliari"]
[Round "3"]
[Result "1-0"]
[Date "2015.06.01"]
[WhiteElo "2036"]
[BlackElo "1694"]
[PlyCount "83"]
[EventDate "2015.05.30"]
[EventType "swiss"]
[EventRounds "6"]
[EventCountry "ITA"]
[SourceTitle "EXT 2017"]
[Source "ChessBase"]
[SourceDate "2016.10.25"]
[SourceVersion "1"]
[SourceVersionDate "2016.10.25"]
[SourceQuality "1"]

1. d4 d5 2. Nf3 Nf6 3. c4 e6 4. Nc3 Be7 5. Bf4 0-0 6. e3 b6 7. cxd5 exd5 8. Qc2 a6 9. Bd3 Bb7 10. 0-0 Nbd7 11. Rac1 c5 12. dxc5 bxc5 13. Qe2 Nh5 14. Be5 f6 15. Bg3 Nxg3 16. hxg3 f5 17. Rfd1 Nb6 18. b3 Kh8 19. a4 Qc7 20. Qc2 g6 21. Ne2 Bd6 22. Qc3+ Kg8 23. Nf4 Rae8 24. Bf1 Qg7 25. Qxg7+ Kxg7 26. a5 Bxf4 27. gxf4 Nd7 28. Ne5 Nxe5 29. fxe5 Rc8 30. g3 Kf7 31. Rd2 g5 32. Rdc2 Ke6 33. f4 d4 34. exd4 cxd4 35. Rxc8 Rxc8 36. Rxc8 Bxc8 37. Bc4+ Ke7 38. fxg5 Be6 39. Bd3 Kf7 40. Kf2 Kg6 41. Bxa6 Bd5 42. Bc8 1-0

[Event "Sardegna Regional-ch"]
[White "Carrus, Mario"]
[Black "Ardu, Luigi"]
[Site "Cagliari"]
[Round "2"]
[Result "1-0"]
[Date "2015.05.31"]
[WhiteElo "1694"]
[BlackElo "1800"]
[PlyCount "139"]
[EventDate "2015.05.30"]
[EventType "swiss"]
[EventRounds "6"]
[EventCountry "ITA"]
[SourceTitle "EXT 2017"]
[Source "ChessBase"]
[SourceDate "2016.10.25"]
[SourceVersion "1"]
[SourceVersionDate "2016.10.25"]
[SourceQuality "1"]

1. d4 Nf6 2. c4 e6 3. Nf3 d5 4. cxd5 exd5 5. Bg5 Nc6 6. e3 Bb4+ 7. Nc3 0-0 8. h3 Re8 9. Bd3 h6 10. Bf4 Ne4 11. Qc2 Bf5 12. 0-0 Bxc3 13. bxc3 Ne7 14. Ne5 Ng6 15. Nxg6 fxg6 16. f3 Nd6 17. Bxd6 Bxd3 18. Qxd3 Qxd6 19. e4 Qf4 20. e5 c6 21. Rab1 Re7 22. Rfe1 g5 23. a4 Rf8 24. a5 Qg3 25. Qe3 h5 26. Rf1 Rf4 27. Qf2 Qxf2+ 28. Rxf2 Rf8 29. Rfb2 Rb8 30. Kf2 Kf7 31. Rb4 Ke6 32. Ke3 Rc7 33. c4 g6 34. c5 a6 35. Rb6 Kd7 36. Rxa6 Kc8 37. Rab6 Ra8 38. Ra1 Ra6 39. Rxa6 bxa6 40. Rb1 Ra7 41. Rb6 Kc7 42. e6 Ra8 43. Kd3 Re8 44. Rxa6 Rxe6 45. Ra7+ Kb8 46. Rg7 Re1 47. Rxg6 Kb7 48. a6+ Kxa6 49. Rxc6+ Kb7 50. Rg6 g4 51. hxg4 hxg4 52. Rxg4 Kc6 53. g3 Ra1 54. f4 Ra3+ 55. Ke2 Kb5 56. f5 Kc4 57. f6 Ra2+ 58. Kf1 Ra1+ 59. Kg2 Ra2+ 60. Kh3 Ra8 61. f7 Rf8 62. Rf4 Kb5 63. g4 Kc6 64. g5 Kd7 65. g6 Ke7 66. c6 Rh8+ 67. Kg4 Kf8 68. c7 Kg7 69. f8Q+ Kxg6 70. Rf6+ 1-0